书目信息 |
| 题名: |
中国人的故事
|
|
| 作者: | 夏雨人, 著 | |
| 分册: | ||
| 出版信息: | 北京 线装书局 2005.01 |
|
| 页数: | 317页 | |
| 开本: | 24cm | |
| 丛书名: | ||
| 单 册: | ||
| 中图分类: | K203 | |
| 科图分类: | ||
| 主题词: | 文化史--中国 | |
| 电子资源: | ||
| ISBN: | 7-80106-371-6 | |
| 000 | 00833nam0 2200217 450 | |
| 001 | 0130995512 | |
| 005 | 20050819113943.20 | |
| 010 | @a7-80106-371-6@d28.00CNY | |
| 100 | @a20050323d2005 km y0chiy0120 ea | |
| 101 | 0 | @achi |
| 102 | @aCN@b110000 | |
| 105 | @aab z 000yy | |
| 200 | 1 | @a中国人的故事@Azhong guo ren de gu shi@f夏雨人著@Fxia yu ren zhu |
| 210 | @a北京@c线装书局@c中国社会科学出版社@d2005.01 | |
| 215 | @a317页@c图, 地图, 摹真@d24cm | |
| 330 | @a本书著者站在中国人的立场上,将五千年来中国的文化成果分别由历史、语文、政治、军事、天文、历算、音乐、体育、物理化学、光学、力学、植物学、农技、建筑等单元来叙述;使读者知道中国人的祖先们是如何奋斗,建立了美好家园。 | |
| 606 | 0 | @a文化史@y中国 |
| 690 | @aK203@v4 | |
| 701 | 0 | @a夏雨人,@Axia yu ren,@f1918-@4著 |
| 801 | 0 | @aCN@bQSSK@c20050819 |
| 905 | @a10447@dK203@eX227 | |
| 中国人的故事/夏雨人著.-北京:线装书局:中国社会科学出版社,2005.01 |
| 317页:图, 地图, 摹真;24cm |
| ISBN 7-80106-371-6:28.00CNY |
| 本书著者站在中国人的立场上,将五千年来中国的文化成果分别由历史、语文、政治、军事、天文、历算、音乐、体育、物理化学、光学、力学、植物学、农技、建筑等单元来叙述;使读者知道中国人的祖先们是如何奋斗,建立了美好家园。 |
| ● |
| 相关链接 |
|
|
|
正题名:中国人的故事
索取号:K203/X227
 
预约/预借
| 序号 | 登录号 | 条形码 | 馆藏地/架位号 | 状态 | 备注 |
| 1 | 560526 | 205605264 | 社科库309/309社科库 106排1列5层/ [索取号:K203/X227] | 在馆 | |
| 2 | 560527 | 205605273 | 社科库309/309社科库 106排1列5层/ [索取号:K203/X227] | 在馆 |